| 000 | 00724nam a2200193 i 4500 | ||
|---|---|---|---|
| 001 | 36345 | ||
| 003 | ES-MaACL | ||
| 005 | 20250802232300.0 | ||
| 007 | t| | ||
| 008 | 030218s1958 sp ||||1| spa d | ||
| 100 | 1 |
_aBriones Viejobueno, José Luis de. _931776 |
|
| 245 | 1 | 0 |
_aOceanografía para meteorólogos / _cJosé Luis de Briones Viejobueno. |
| 260 |
_aMadrid : _bSección de Meteorología Marítima, _c1958 ( _fVirgen de Loreto) |
||
| 300 |
_a131 p. ; _c24 cm. |
||
| 500 | _aPrecede al tít.: Ministerio del Aire. Dirección General de Protección del Vuelo. Servicio Meteorológico Nacional. | ||
| 710 | 1 |
_aEspaña. _bMinisterio del Aire _93938 |
|
| 852 |
_aES-MaACL _jC-14681 _bR.42842 |
||
| 999 |
_c36345 _d36345 |
||